Elementary pile thoery (Record no. 1260)

MARC details
000 -LEADER
fixed length control field 00568nam a2200205Ia 4500
003 - CONTROL NUMBER IDENTIFIER
control field IN-BaIIA
008 - FIXED-LENGTH DATA ELEMENTS--GENERAL INFORMATION
fixed length control field 211028s9999 xx 000 0 eng d
040 ## - CATALOGING SOURCE
Transcribing agency IIA Library
080 ## - UNIVERSAL DECIMAL CLASSIFICATION NUMBER
Universal Decimal Classification number 539.1
Item number SOO
100 ## - MAIN ENTRY--PERSONAL NAME
Personal name Soodak, Harry
9 (RLIN) 2631
245 #0 - TITLE STATEMENT
Title Elementary pile thoery
Statement of responsibility, etc. Harry Soodak and  Edward C Campbell
260 ## - PUBLICATION, DISTRIBUTION, ETC.
Place of publication, distribution, etc. New York
Name of publisher, distributor, etc. John Wiley & Sons
Date of publication, distribution, etc. 1950
300 ## - PHYSICAL DESCRIPTION
Extent ix, 73p.
650 ## - SUBJECT ADDED ENTRY--TOPICAL TERM
Topical term or geographic name entry element NASA Thesaurus
650 ## - SUBJECT ADDED ENTRY--TOPICAL TERM
Topical term or geographic name entry element Nuclear Reactors
9 (RLIN) 2632
650 ## - SUBJECT ADDED ENTRY--TOPICAL TERM
Topical term or geographic name entry element Pile Foundations
9 (RLIN) 2633
650 ## - SUBJECT ADDED ENTRY--TOPICAL TERM
Topical term or geographic name entry element Piles
9 (RLIN) 2634
700 ## - ADDED ENTRY--PERSONAL NAME
Personal name Campbell, Edward C.
9 (RLIN) 2635
942 ## - ADDED ENTRY ELEMENTS (KOHA)
Koha item type Books
Holdings
Withdrawn status Lost status Damaged status Not for loan Home library Current library Shelving location Date acquired Total Checkouts Full call number Barcode Date last seen Price effective from Koha item type
        IIA Library-Bangalore IIA Library-Kodaikanal General Stacks     539.1/ SOO 1334 05/11/2021   Books

Powered by Koha